000 00523nam a2200169Ia 4500
999 _c35269
_d35269
003 OSt
005 20211101125049.0
008 190216s9999||||xx |||||||||||||| ||und||
040 _coclc
082 _a894.811
_bRAJ/K
100 _aRajagopalanchari, C
_98877
245 0 _aKural :
_bThe Great Book Of Tiru Valluvar /
_cC Rajagopalanchari
260 _bBharatiya Vidya Bhavan,
_c1970.
_aMumbai:
300 _a187p
650 _aGeneral Collections
942 _cREF
_2ddc
_h894.811
_iRAJ/K
_k894.811
_mRAJ/K